Conférences prononcées dans l'église du Gesù à Rome pendant le Carême de 1851 / (Record no. 161492)

MARC details
000 -LEADER
campo de control de longitud fija 00627nam a22001815i 4500
001 - NÚMERO DE CONTROL
campo de control 161492
003 - IDENTIFICADOR DE NÚMERO DE CONTROL
campo de control ES-MaACL
005 - FECHA Y HORA DE LA ÚLTIMA TRANSACCIÓN
campo de control 20230906212310.0
008 - DATOS DE LONGITUD FIJA--INFORMACIÓN GENERAL
campo de control de longitud fija 941222s1852 fr |||| | fre d
040 ## - FUENTE DE CATALOGACIÓN
Centro catalogador/agencia de origen CAT
Lengua de catalogación spa
Centro/agencia transcriptor CAT
Centro/agencia modificador CCPB
080 ## - NÚMERO DE LA CLASIFICACIÓN DECIMAL UNIVERSAL
Número de la Clasificación Decimal Universal 252
100 1# - ENTRADA PRINCIPAL--NOMBRE DE PERSONA
Nombre de persona Passaglia, Carlo (
Fechas asociadas al nombre 1812-1887)
9 (RLIN) 130881
245 10 - MENCIÓN DEL TÍTULO
Título Conférences prononcées dans l'église du Gesù à Rome pendant le Carême de 1851 /
Mención de responsabilidad, etc. par le R.P. Ch. Passaglia ; traduites de l'italien par l'abbé A. M***.
260 ## - PUBLICACIÓN, DISTRIBUCIÓN, ETC.
Lugar de publicación, distribución, etc. Paris :
Nombre del editor, distribuidor, etc. Gaume frères,
Fecha de publicación, distribución, etc. 1852.
300 ## - DESCRIPCIÓN FÍSICA
Extensión 226 p. ;
Dimensiones 18 cm.
852 ## - LOCALIZACIÓN
Ubicación ES-MaACL
Número de control de estantería G-10535
Nota libre -- Enc. hol.
Holdings
Estatus retirado Estado de pérdida Estado de daño No para préstamo Colección Biblioteca de origen Biblioteca actual Ubicación en estantería Fecha de adquisición Fuente de adquisición Total de préstamos Signatura topográfica completa Código de barras Visto por última vez Precio de reemplazo Tipo de ítem Koha
        Libros del s. XIX Biblioteca del Ateneo de Madrid Biblioteca del Ateneo de Madrid Sala Pecera Planta 3 17/01/2008     G-10535 1169159 23/02/2023 23/02/2023 Libro impreso antiguo